Gandhi : (Record no. 1672520)

MARC details
000 -LEADER
fixed length control field 00492 a2200169 4500
005 - DATE AND TIME OF LATEST TRANSACTION
control field 20260310150037.0
008 - FIXED-LENGTH DATA ELEMENTS--GENERAL INFORMATION
fixed length control field 260310b |||||||| |||| 00| 0 eng d
020 ## - INTERNATIONAL STANDARD BOOK NUMBER
International Standard Book Number 9780807059098
040 ## - CATALOGING SOURCE
Transcribing agency SDCL
041 ## - LANGUAGE CODE
Source of code eng
Language code of text/sound track or separate title eng
084 ## - COLON CLASSIFICATION NUMBER
Classification number V2y7M69 N3
100 ## - MAIN ENTRY--PERSONAL NAME
Personal name Gandhi, Mohandas Karamchand (Mahatma)
245 ## - TITLE STATEMENT
Title Gandhi :
Remainder of title An Autobiography - The Story of My Experiments With Truth
260 ## - PUBLICATION, DISTRIBUTION, ETC.
Place of publication, distribution, etc. Boston :
Name of publisher, distributor, etc. Beacon Press,
Date of publication, distribution, etc. 1993.
300 ## - PHYSICAL DESCRIPTION
Extent xxix, 528p.
942 ## - ADDED ENTRY ELEMENTS (KOHA)
Koha item type Textual
Source of classification or shelving scheme Colon Classification (CC)
100 ## - MAIN ENTRY--PERSONAL NAME
-- 1131559
999 ## -
-- 1672520
-- 1672520
Holdings
Withdrawn status Lost status Source of classification or shelving scheme Damaged status Not for loan Home library Current library Date acquired Source of acquisition Cost, normal purchase price Inventory number Total checkouts Full call number Barcode Date last seen Cost, replacement price Price effective from Koha item type
    Colon Classification (CC)     South Campus Library South Campus Library 2025-12-22 84 1128.20 4408 & 22/12/2025   V2y7M69 N3 SC1691793 2025-12-22 1611.72 2025-12-22 Textual
Copyright @ Delhi University Library System